Normal view
MARC view
- Aftab, Zain
Entry Personal Name
001 - CONTROL NUMBER
- control field: 120218
003 - CONTROL NUMBER IDENTIFIER
- control field: NUST
005 - DATE AND TIME OF LATEST TRANSACTION
- control field: 20240201161440.0
008 - FIXED-LENGTH DATA ELEMENTS
- fixed length control field: 240201|| aca||aabn | a|a d
040 ## - CATALOGING SOURCE
- Original cataloging agency: NUST
- Transcribing agency: NUST
100 ## - HEADING--PERSONAL NAME
- Personal name: Aftab, Zain
670 ## - SOURCE DATA FOUND
- Source citation: Work cat.: (NUST): Aftab, Zain, Identification of Students Facing Early Difficulties Through Machine Learning Techniques and Providing Recommendations For Improvement/
